TEXTBOOK OF MEDICAL PARASITOLOGY (Record no. 216337)

MARC details
000 -LEADER
fixed length control field 00446nam a22001697a 4500
008 - FIXED-LENGTH DATA ELEMENTS--GENERAL INFORMATION
fixed length control field 251205b |||||||| |||| 00| 0 eng d
020 ## - INTERNATIONAL STANDARD BOOK NUMBER
International Standard Book Number 978-9389211-89-4
050 ## - LIBRARY OF CONGRESS CALL NUMBER
Classification number RC 119.K498 2021
100 ## - MAIN ENTRY--PERSONAL NAME
Personal name KHURANA SUMEETA
245 ## - TITLE STATEMENT
Title TEXTBOOK OF MEDICAL PARASITOLOGY
260 ## - PUBLICATION, DISTRIBUTION, ETC.
Place of publication, distribution, etc. INDIA
Name of publisher, distributor, etc. UNIVERSITIES PRESS
Date of publication, distribution, etc. 2021
300 ## - PHYSICAL DESCRIPTION
Extent X,370
500 ## - GENERAL NOTE
General note INCLUDES AN INDEX
700 ## - ADDED ENTRY--PERSONAL NAME
Personal name MEWARA ABHISHEK
942 ## - ADDED ENTRY ELEMENTS (KOHA)
Source of classification or shelving scheme Library of Congress Classification
Koha item type Long Loan Book
Holdings
Withdrawn status Lost status Source of classification or shelving scheme Damaged status Not for loan Collection Home library Current library Shelving location Date acquired Inventory number Total checkouts Full call number Barcode Date last seen Copy number Price effective from Koha item type Date last checked out
    Library of Congress Classification     Medicine Kisii University Library Kisii University Library On Display 12/05/2025 110410   RC 119.K498 2021 000000020269 12/05/2025 C.7 12/05/2025 Long Loan Book  
    Dewey Decimal Classification     Medicine Kisii University Library Kisii University Library On Display 12/05/2025 110409 1 RC 119.K498 2021 000000020268 02/13/2026 C.6 12/05/2025 Long Loan Book 02/05/2026
    Library of Congress Classification     Medicine Kisii University Library Kisii University Library On Display 12/05/2025 110409 2 RC 119.K498 2021 000000020267 04/20/2026 C.5 12/05/2025 Long Loan Book 04/08/2026
    Library of Congress Classification     Medicine Kisii University Library Kisii University Library On Display 12/05/2025 110407   RC 119.K498 2021 000000020266 12/05/2025 C.4 12/05/2025 Long Loan Book  
    Library of Congress Classification     Medicine Kisii University Library Kisii University Library On Display 12/05/2025 110406   RC 119.K498 2021 000000020265 12/05/2025 C.3 12/05/2025 Long Loan Book  
    Library of Congress Classification     Medicine Kisii University Library Kisii University Library On Display 12/05/2025 110405 1 RC 119.K498 2021 000000002831 04/15/2026 C.2 12/05/2025 Long Loan Book 04/01/2026
    Library of Congress Classification     Medicine Kisii University Library Kisii University Library On Display 12/05/2025 110404 1 RC 119.K498 2021 000000002832 03/04/2026 C.1 12/05/2025 Long Loan Book 02/24/2026
    Library of Congress Classification     Medicine Kisii University Library Kisii University Library On Display 12/18/2025 110411 1 RC119 .K498 2021 000000001309 04/24/2026 8 12/18/2025 Long Loan Book 04/16/2026